[Event "TUR-chT2"]
[Site "Konya"]
[Date "2017.07.12"]
[Round "5.25"]
[White "Hazar, Battal"]
[Black "Ozavci, Mustafa"]
[Result "1/2-1/2"]
[WhiteElo "1383"]
[BlackElo "1323"]
[PlyCount "32"]
[EventDate "2017.07.09"]
[EventType "team-swiss"]
[EventRounds "9"]
[EventCountry "TUR"]
[SourceTitle "CBM 179 Extra"]
[Source "ChessBase"]
[SourceDate "2017.08.23"]
[SourceVersion "1"]
[SourceVersionDate "2017.08.23"]
[SourceQuality "1"]
[WhiteTeam "Nigde"]
[BlackTeam "Edeler Gorme"]
[WhiteTeamCountry "TUR"]
[BlackTeamCountry "TUR"]

1. e4 c6 2. Nc3 d5 3. d4 dxe4 4. Nxe4 Bf5 5. Ng3 Bg6 6. Bc4 e6 7. Nf3 Be7 8. 0-0 Nd7 9. Bf4 Bf6 10. Ne5 Ne7 11. Nh5 Nd5 12. Bxd5 cxd5 13. Nxd7 Bxh5 14. Qxh5 Qxd7 15. Be5 Bxe5 16. Qxe5 0-0 1/2-1/2

[Event "TUR-chT2"]
[Site "Konya"]
[Date "2017.07.10"]
[Round "2.22"]
[White "Ozavci, Mustafa"]
[Black "Cay, Yunus Emre"]
[Result "0-1"]
[WhiteElo "1323"]
[BlackElo "1562"]
[PlyCount "80"]
[EventDate "2017.07.09"]
[EventType "team-swiss"]
[EventRounds "9"]
[EventCountry "TUR"]
[SourceTitle "CBM 179 Extra"]
[Source "ChessBase"]
[SourceDate "2017.08.23"]
[SourceVersion "1"]
[SourceVersionDate "2017.08.23"]
[SourceQuality "1"]
[WhiteTeam "Edeler Gorme"]
[BlackTeam "Genclik VE"]
[WhiteTeamCountry "TUR"]
[BlackTeamCountry "TUR"]

1. e4 d5 2. e5 Bf5 3. d4 e6 4. Nf3 c5 5. Bb5+ Nc6 6. c3 a6 7. Bxc6+ bxc6 8. Be3 Qb6 9. b3 Qb5 10. a4 Qa5 11. Bd2 Rb8 12. 0-0 Qb6 13. Qe2 a5 14. Nh4 Bc2 15. Na3 Bxb3 16. Rfb1 c4 17. Be3 Qc7 18. Qb2 Ne7 19. Nf3 Nf5 20. Nd2 Nxe3 21. fxe3 Be7 22. Naxc4 dxc4 23. Nxc4 0-0 24. Qe2 c5 25. Nd2 c4 26. Nf1 Qc6 27. Ng3 Bxa4 28. Rf1 Rb3 29. Rac1 Rfb8 30. Qf2 Qe8 31. Ne4 Rb2 32. Qf4 Bc6 33. Nf2 a4 34. e4 a3 35. Nd1 Re2 36. d5 exd5 37. exd5 Bxd5 38. Ne3 Bc5 39. Qh4 Bxe3+ 40. Kh1 Bxg2# 0-1